000 00293nam a22001337a 4500
008 170615b xxu||||| |||| 00| 0 eng d
020 _a0881333980
041 _aeng
080 _a32
100 _a19
101 _aSHP
245 _aTHE MOSSI OF BURKINA FASO
_cSKINNER,E.P
942 _2udc
_cBK
999 _c17527
_d17527